000 00434nam a2200169 a 4500
001 18467
003 CO-ViMGA
008 141112s2004 ck r 000 u spa d
040 _aCO-ViMGA
_bspa
_cCO-ViMGA
082 0 4 _aI 372.73 L656
100 1 _aLobo Amaya, Alfonso
_926296
245 1 0 _aRimas y figuras
260 _aBogotá,
_cEcoe,
_c1992
300 _a16.p.
650 1 4 _aGEOMETRIA - ENSEÑANZA ELEMENTAL
_926297
942 _2ddc
_cBK
999 _c27763
_d27763